Derecho civil : Derechos reales /

Guardado en:
Autor Principal: Papaño, Ricardo J.
Otros Autores: Kiper, Claudio M., Dillon, Gregorio A., Causse, Jorge R.
Formato: Libro
Idioma:Spanish
Publicado: Buenos Aires : Astrea, 2004
Edición:2ª ed. act. y amp.
Etiquetas: Agregar Etiqueta
Sin Etiquetas, Sea el primero en etiquetar este registro!
LEADER 00600nam a22001815a 4500
001 DER.der000071
005 20190529095148.0
008 180615s2004####ag#||||||||||||||#||spa||
020 |a 950-508-648-2 
100 1 |a Papaño, Ricardo J. 
245 1 0 |a Derecho civil :  |b Derechos reales /  |c Ricardo J. Papaño , Claudio M. Kiper, Gregorio A. Dillon, Jorge R. Causse 
250 |a 2ª ed. act. y amp. 
260 |a Buenos Aires :  |b Astrea,  |c 2004 
300 |a 630 p. 
700 1 |a Kiper, Claudio M. 
700 1 |a Dillon, Gregorio A. 
700 1 |a Causse, Jorge R. 
859 |a DERECHO  |b BIB. DERECHO  |h 346.2  |i PAP  |k 21 D  |p 000978